| 000 | 00483nas a2200169 a 4500 | ||
|---|---|---|---|
| 001 | 000037545 | ||
| 005 | 20200930080428.0 | ||
| 008 | 120425c20059999dr ur1p dd 0 0spa d | ||
| 040 |
_aDO-SdBNP _bspa _cBNPHU |
||
| 043 | _anwdr | ||
| 245 | 0 | 0 | _aProa. |
| 260 |
_aSanto Domingo : _bMarina de Guerra Dominicana, _c2005. |
||
| 300 |
_av.- : _bil. ; _c29 cm. |
||
| 310 | _aDesxonocido | ||
| 362 | 1 | _aAño 2. no. 9 (feb. 2005) | |
| 500 | _aCatalogación basada en : Año 2. no. 9 (feb. 2005) | ||
| 999 |
_c37035 _d37035 |
||